=LDR 00000nam 2200000 4500 =001 INLIS000000000047442 =005 20160210154648.0 =006 =007 =008 =035 ##$$0010-111500000000046 =082 ##$$a 372.83 =090 ##$$a 372.83 sit i =100 ##$$a siti rohani amelia =245 ##$$a ipa dibuat asyik untuk sekolah dasar kelas 5B =260 ##$$a pustakawidya utama =300 ##$$a hln. 190 =850 ##$$a NPBMAT =990 ##$$a 0001/BPAP-NTB/2015